000
00199 a2200109 4500
020
_a
9780545274135
041
_a
spa
100
_a
McCoy, Mimi
245
_a
Astrologica
942
_c
BK
999
_c
8470
_d
8470
999
_d
8470